| 000 | 00489nam a2200193 4500 | ||
|---|---|---|---|
| 003 | LK-CoMWRAF | ||
| 005 | 20230903120413.0 | ||
| 008 | 230903b1984 |||||||| |||| 00| 0 eng d | ||
| 020 | _a0440324971 | ||
| 040 |
_aLK-CoMWRAF _dLK-CoMWRAF _eLK-CoMWRAF |
||
| 041 | _aeng | ||
| 082 |
_a305.4 _bFRI |
||
| 100 | _aFriedan, Betty | ||
| 245 | _aThe Feminine mystique | ||
| 260 |
_aNew York : _bDell publishing, _c1983 |
||
| 650 | _aFeminist Theory | ||
| 650 | _aWomen in History | ||
| 942 | _cBK | ||
| 999 |
_c3390 _d3390 |
||